| 000 | 01996cam a2200409 a 4500 | ||
|---|---|---|---|
| 005 | 20260322212009.0 | ||
| 008 | data | ||
| 010 | _a 92004503 | ||
| 020 |
_a0525934960 : _c{dollar}16.00 (Canada {dollar}21.50) |
||
| 020 |
_a9780525934967 : _c{dollar}16.00 (Canada {dollar}21.50) |
||
| 040 |
_aDLC _cDLC _dDLC |
||
| 042 | _alcac | ||
| 050 | 0 | 0 |
_aPR6025.I65 _bZ69 1992 |
| 082 | 0 | 0 |
_a299/.514 _220 |
| 092 | _a823 Hof 1992 | ||
| 100 | 1 |
_aHoff, Benjamin, _d1946- |
|
| 245 | 1 | 4 |
_aThe te of Piglet / _cBenjamin Hoff. |
| 260 |
_aNew York, N.Y., U.S.A. : _bDutton, _cc1992. |
||
| 300 |
_a257 p. : _bill. ; _c20 cm. |
||
| 520 | _aThe author and the characters from the Pooh books engage in dialogue elucidating the Taoist principle of Te, the Way of the Small. | ||
| 600 | 1 | 0 |
_aMilne, A. A. _q(Alan Alexander), _d1882-1956 _xPiglet. _xPiglet. |
| 600 | 1 | 0 |
_aMilne, A. A. _q(Alan Alexander), _d1882-1956 _xReligion. |
| 600 | 1 | 1 |
_aMilne, A. A. _q(Alan Alexander), _d1882-1956 _xCharacters. |
| 650 | 0 |
_aChildren _xHistory _zGreat Britain _xHistory _y20th century. |
|
| 650 | 0 |
_aChildren's stories, English _xHistory and criticism. |
|
| 650 | 0 | _aSize perception in literature. | |
| 650 | 0 | _aPiglet (Fictitious character) | |
| 650 | 0 | _aTaoism in literature. | |
| 650 | 0 | _aTaoism. | |
| 650 | 1 | _aTaoism. | |
| 856 | 4 | 2 |
_3Contributor biographical information _uhttp://www.loc.gov/catdir/enhancements/fy1206/92004503-b.html |
| 856 | 4 | 2 |
_3Publisher description _uhttp://www.loc.gov/catdir/enhancements/fy1505/92004503-d.html |
| 906 |
_a7 _bcbc _corignew _d1 _eocip _f19 _gy-gencatlg |
||
| 991 |
_bc-GenColl _hPR6025.I65 _iZ69 1992 _p00002004318 _tCopy 1 _wBOOKS |
||
| 001 | data | ||
| 999 |
_c177 _d177 |
||